000
00201nam a2200097Ia 4500
008
190216s9999||||xx |||||||||||||| ||und||
100
_a
Nandanar
245
0
_a
Konnapookal
260
_b
Null
942
_c
BK
999
_c
24979
_d
24979